[Event "FIDE World Youth U16 Chess Olympiad SLOVAKIA 2016"]
[Site "Poprad Tatry SLOVAKIA"]
[Date "2016.07.23"]
[Round "2"]
[Board "3"]
[White "Muetsch, Annmarie"]
[Black "Brnusak, Tomas"]
[Result "1-0"]
[WhiteElo "2048"]
[BlackElo "1632"]
[PlyCount "71"]
[EventDate "2016.07.22"]
[EventType "team"]
[EventRounds "9"]
[EventCountry "SVK"]
[WhiteTeam "Germany 3"]
[BlackTeam "Slovakia LSS A"]

1. e4 e5 2. Nf3 Nc6 3. Bc4 Bc5 4. c3 Nf6 5. d3 O-O 6. Nbd2 d5 7. exd5 Nxd5 8.
Ne4 Be7 9. O-O Nb6 10. Bb3 Na5 11. Nxe5 Nxb3 12. Qxb3 Be6 13. Qc2 f5 14. Ng3 f4
15. Ne2 g5 16. d4 Bf6 17. Re1 Bg7 18. h4 Qd5 19. hxg5 Bxe5 20. dxe5 Qxe5 21.
Bxf4 Qg7 22. Nd4 Bd5 23. Nf5 Rxf5 24. Qxf5 Rf8 25. Qe5 Qf7 26. Bg3 Bc6 27. Rad1
Nd5 28. Qe6 Qxe6 29. Rxe6 Rf7 30. c4 Nb6 31. Rd8+ Kg7 32. Be5+ Rf6 33. Bxf6+
Kf7 34. Re7+ Kg6 35. g4 Nxc4 36. Rg7# 1-0

[Event "FIDE World Youth U16 Chess Olympiad SLOVAKIA 2016"]
[Site "Poprad Tatry SLOVAKIA"]
[Date "2016.07.23"]
[Round "2"]
[Board "4"]
[White "Korenova, Simona"]
[Black "Leser, Katrin"]
[Result "0-1"]
[WhiteElo "1638"]
[BlackElo "2025"]
[PlyCount "104"]
[EventDate "2016.07.22"]
[EventType "team"]
[EventRounds "9"]
[EventCountry "SVK"]
[WhiteTeam "Slovakia LSS A"]
[BlackTeam "Germany 3"]

1. c4 e5 2. Nc3 Nc6 3. g3 g6 4. Bg2 Bg7 5. e3 d6 6. Nge2 f5 7. O-O Nf6 8. d4
O-O 9. b3 g5 10. dxe5 dxe5 11. Ba3 Re8 12. Qxd8 Rxd8 13. Rad1 Be6 14. Na4 Rxd1
15. Rxd1 Nd7 16. Nc5 Nxc5 17. Bxc5 Bf8 18. Bxf8 Kxf8 19. Nc3 a6 20. Na4 Rd8 21.
Rxd8+ Nxd8 22. Nc5 c6 23. Kf1 Ke7 24. Ke2 Kd6 25. Na4 Nf7 26. Kd3 g4 27. h4 Bd7
28. Kc3 b5 29. c5+ Ke6 30. Nb6 Be8 31. Kb4 e4 32. Ka5 Ne5 33. Kxa6 Nd3 34. a4
Nxc5+ 35. Ka5 Nxb3+ 36. Kb4 Nc1 37. Bf1 bxa4 38. Kxa4 c5+ 39. Ka3 Nd3 40. Bxd3
exd3 41. Kb3 Bb5 42. Kc3 Ke5 43. Nc8 Ba6 44. Ne7 Ke4 45. Kd2 Bb5 46. Nc8 Kf3
47. Nd6 Ba6 48. Nxf5 Kxf2 49. Nd6 Kxg3 50. Nf5+ Kf2 51. e4 g3 52. Nxg3 Kxg3 0-1

[Event "FIDE World Youth U16 Chess Olympiad SLOVAKIA 2016"]
[Site "Poprad Tatry SLOVAKIA"]
[Date "2016.07.23"]
[Round "2"]
[Board "1"]
[White "Ng, Chung Lok Andrew"]
[Black "Duong, Yisam"]
[Result "0-1"]
[WhiteElo "1648"]
[BlackElo "1948"]
[PlyCount "78"]
[EventDate "2016.07.22"]
[EventType "team"]
[EventRounds "9"]
[EventCountry "SVK"]
[WhiteTeam "Hong Kong"]
[BlackTeam "Switzerland"]

1. d4 Nf6 2. c4 e6 3. Nc3 Bb4 4. Qc2 O-O 5. a3 Bxc3+ 6. Qxc3 d6 7. Bg5 Nbd7 8.
g3 h6 9. Bxf6 Nxf6 10. Bg2 Rb8 11. e3 Re8 12. Ne2 e5 13. O-O e4 14. Qc2 Bf5 15.
b4 Qd7 16. Nc3 c6 17. Rac1 Qe6 18. c5 d5 19. b5 Bg4 20. bxc6 bxc6 21. Rb1 Nh7
22. Rxb8 Rxb8 23. Rb1 Rxb1+ 24. Qxb1 Ng5 25. Qb8+ Kh7 26. Nb1 Bf3 27. Bxf3 exf3
28. Qb3 Ne4 29. Qd3 g6 30. Qd1 Qf5 31. h3 h5 32. h4 g5 33. hxg5 h4 34. Nd2 Nxg5
35. gxh4 Qh3 36. Qb1+ Kg7 37. Qf1 Qg4+ 38. Kh1 Qxh4+ 39. Kg1 Nh3+ 0-1

[Event "FIDE World Youth U16 Chess Olympiad SLOVAKIA 2016"]
[Site "Poprad Tatry SLOVAKIA"]
[Date "2016.07.23"]
[Round "2"]
[Board "2"]
[White "Stijve, Theo"]
[Black "Deng, Yu Dong Michael"]
[Result "1-0"]
[WhiteElo "2081"]
[BlackElo "1682"]
[PlyCount "117"]
[EventDate "2016.07.22"]
[EventType "team"]
[EventRounds "9"]
[EventCountry "SVK"]
[WhiteTeam "Switzerland"]
[BlackTeam "Hong Kong"]

1. e4 c5 2. Nf3 Nc6 3. Nc3 g6 4. Bb5 Bg7 5. O-O e6 6. Bxc6 dxc6 7. d3 e5 8. Be3
Qe7 9. Nd2 Nf6 10. h3 O-O 11. Nc4 Nd7 12. a4 Re8 13. a5 Nf8 14. f4 exf4 15.
Bxf4 Rd8 16. Qf3 Ne6 17. Bg3 Nd4 18. Qf2 Be6 19. Ne3 Qf8 20. Bh4 Rd7 21. Bf6
Bxf6 22. Qxf6 c4 23. Rad1 Qc5 24. Kh1 cxd3 25. Rxd3 Rad8 26. Rfd1 b6 27. axb6
axb6 28. R1d2 b5 29. b3 Qa7 30. Ne2 Nxe2 31. Qxd8+ Rxd8 32. Rxd8+ Kg7 33. Rxe2
Qa1+ 34. Rd1 Qe5 35. Nf1 Qh5 36. Red2 Qh4 37. Rd3 Qxe4 38. Nd2 Qe2 39. Nf3 Qxc2
40. Nd4 Qa2 41. R3d2 Qa6 42. Nxe6+ fxe6 43. Rd7+ Kf6 44. Rf1+ Ke5 45. Re1+ Kf5
46. Rxh7 Qa2 47. Rf7+ Kg5 48. Rf3 Kh6 49. Rxe6 Qa1+ 50. Kh2 Qd4 51. Rff6 Qd3
52. Rxg6+ Kh7 53. Rg3 Qd5 54. Reg6 c5 55. R6g5 Qf7 56. Rxc5 b4 57. Rc4 Qe7 58.
Rcg4 Qd8 59. Rxb4 1-0

[Event "FIDE World Youth U16 Chess Olympiad SLOVAKIA 2016"]
[Site "Poprad Tatry SLOVAKIA"]
[Date "2016.07.23"]
[Round "2"]
[Board "3"]
[White "Oh, Benjamin Yao Teng"]
[Black "Meier, Lukas"]
[Result "1-0"]
[WhiteElo "1687"]
[BlackElo "1874"]
[PlyCount "121"]
[EventDate "2016.07.22"]
[EventType "team"]
[EventRounds "9"]
[EventCountry "SVK"]
[WhiteTeam "Hong Kong"]
[BlackTeam "Switzerland"]

1. e4 Nf6 2. e5 Nd5 3. d4 d6 4. Nf3 dxe5 5. Nxe5 c6 6. Be2 Bf5 7. O-O Nd7 8.
Nf3 e6 9. c4 Nb4 10. Ne1 Bd6 11. a3 Na6 12. Nf3 Nc7 13. Nc3 O-O 14. Bg5 f6 15.
Be3 e5 16. Nh4 Be6 17. d5 cxd5 18. cxd5 Bf7 19. Ne4 Ne8 20. Nf5 Nb6 21. Bb5 Nc8
22. Rc1 Bg6 23. Qg4 Bxf5 24. Qxf5 Nc7 25. Qd7 Nxb5 26. Qxb5 Rf7 27. Nc5 Bxc5
28. Qxc5 Nb6 29. d6 Rd7 30. Rfd1 Rc8 31. Qb4 Rxc1 32. Bxc1 Nc8 33. Be3 b6 34.
f4 Rxd6 35. Rxd6 Qxd6 36. Qc4+ Kf8 37. Qxc8+ Kf7 38. Qb7+ Ke6 39. Qc8+ Ke7 40.
fxe5 Qxe5 41. Qb7+ Ke6 42. Qc6+ Ke7 43. Qc3 Qf5 44. Qc7+ Ke8 45. Qb8+ Kf7 46.
Qxa7+ Kg6 47. Qc7 b5 48. Qg3+ Kf7 49. Qc7+ Kg6 50. Qc3 Kf7 51. Kh1 h5 52. b3 h4
53. h3 Qd5 54. Bg1 Qd7 55. a4 bxa4 56. Qc4+ Kg6 57. bxa4 f5 58. a5 Kg5 59. a6
f4 60. a7 f3 61. Qg4+ 1-0

[Event "FIDE World Youth U16 Chess Olympiad SLOVAKIA 2016"]
[Site "Poprad Tatry SLOVAKIA"]
[Date "2016.07.23"]
[Round "2"]
[Board "4"]
[White "Tamrazyan, Gohar"]
[Black "Lee, Katrina Yin Yee"]
[Result "1/2-1/2"]
[WhiteElo "1651"]
[BlackElo "1644"]
[PlyCount "75"]
[EventDate "2016.07.22"]
[EventType "team"]
[EventRounds "9"]
[EventCountry "SVK"]
[WhiteTeam "Switzerland"]
[BlackTeam "Hong Kong"]

1. e4 e5 2. Nf3 Nc6 3. d4 exd4 4. Bc4 Bc5 5. O-O h6 6. Nbd2 Nge7 7. Nb3 Bb6 8.
Nbxd4 Nxd4 9. Nxd4 O-O 10. b3 c6 11. Ba3 Re8 12. Qh5 d5 13. Rad1 dxc4 14. Nxc6
Qc7 15. Nxe7+ Rxe7 16. Bd6 Qd8 17. Bxe7 Qxe7 18. e5 Be6 19. Rd2 Rc8 20. Rfd1
cxb3 21. cxb3 Rc5 22. Rd3 Rc2 23. R3d2 Qc5 24. Qe2 Rxd2 25. Rxd2 Bc7 26. h3
Qxe5 27. Qxe5 Bxe5 28. Rd8+ Kh7 29. Kf1 Kg6 30. Re8 Kg5 31. Re7 b5 32. Rxa7 b4
33. Ke2 Kf4 34. Ra5 Ke4 35. f3+ Kd4 36. Rb5 Bd6 37. Kd2 g6 38. g4 1/2-1/2

[Event "FIDE World Youth U16 Chess Olympiad SLOVAKIA 2016"]
[Site "Poprad Tatry SLOVAKIA"]
[Date "2016.07.23"]
[Round "2"]
[Board "1"]
[White "Wolmarans, Riekie"]
[Black "Melaugh, Shane"]
[Result "0-1"]
[WhiteElo "1429"]
[BlackElo "1677"]
[PlyCount "132"]
[EventDate "2016.07.22"]
[EventType "team"]
[EventRounds "9"]
[EventCountry "SVK"]
[WhiteTeam "South Africa 3"]
[BlackTeam "Ireland"]

1. d4 f5 2. e3 Nf6 3. Bd3 e6 4. f4 g6 5. Nd2 Bg7 6. Ngf3 O-O 7. O-O d6 8. c3
Nc6 9. Qe2 Kh8 10. e4 Nh5 11. g3 fxe4 12. Nxe4 e5 13. fxe5 dxe5 14. Nxe5 Nxe5
15. dxe5 Rxf1+ 16. Qxf1 Bh3 17. Qe2 Qd7 18. Bg5 Re8 19. Qc2 Rxe5 20. Re1 Qd5
21. Be3 Re8 22. Re2 Rf8 23. Rf2 Rd8 24. Bf1 Bxf1 25. Rxf1 Re8 26. Rd1 Qe6 27.
a3 Kg8 28. Qd3 Qxe4 29. Qxe4 Rxe4 30. Kf2 Nf6 31. h3 Kf7 32. Kf3 a5 33. Bg5 Re7
34. Rd3 h6 35. Be3 Nd7 36. Kg2 Ne5 37. Rd2 Nc4 38. Rf2+ Ke8 39. Bc5 Re6 40. h4
b6 41. Bd4 Bxd4 42. cxd4 Rd6 43. Rf4 Nxb2 44. Re4+ Kd7 45. Kf3 Nc4 46. Ke2 Nxa3
47. Kd3 Nb5 48. Kc4 Rxd4+ 49. Rxd4+ Nxd4 50. Kxd4 c5+ 51. Kc4 Kc6 52. Kb3 b5
53. Kc3 b4+ 54. Kb3 Kb5 55. Kb2 a4 56. Kc2 c4 57. Kb2 b3 58. g4 Kb4 59. h5 gxh5
60. gxh5 c3+ 61. Kb1 a3 62. Ka1 Kc4 63. Kb1 c2+ 64. Kc1 a2 65. Kb2 a1=Q+ 66.
Kxa1 c1=Q# 0-1

[Event "FIDE World Youth U16 Chess Olympiad SLOVAKIA 2016"]
[Site "Poprad Tatry SLOVAKIA"]
[Date "2016.07.23"]
[Round "2"]
[Board "2"]
[White "Copeland, Dean"]
[Black "Kara, Zahra"]
[Result "1-0"]
[WhiteElo "1763"]
[BlackElo "1335"]
[PlyCount "135"]
[EventDate "2016.07.22"]
[EventType "team"]
[EventRounds "9"]
[EventCountry "SVK"]
[WhiteTeam "Ireland"]
[BlackTeam "South Africa 3"]

1. e4 e5 2. d4 exd4 3. c3 dxc3 4. Bc4 d6 5. Qb3 Qd7 6. Nxc3 Nc6 7. Nf3 Na5 8.
Qb5 Nxc4 9. Qxc4 c6 10. O-O Qe6 11. Qd3 Be7 12. Bf4 Qg6 13. Rad1 Bh3 14. Bg3
Bg4 15. Rd2 Bxf3 16. Qxf3 Rd8 17. Rfd1 Nh6 18. Bf4 Bg5 19. Rxd6 Rxd6 20. Rxd6
f6 21. Bxg5 Qxg5 22. Qd1 O-O 23. Qb3+ Nf7 24. Rd7 Qc1+ 25. Rd1 Qf4 26. Qxb7 Qb8
27. Rd7 Qxb7 28. Rxb7 Ra8 29. f4 a5 30. Rc7 Nd8 31. f5 g6 32. g4 gxf5 33. gxf5
a4 34. a3 Rb8 35. Nxa4 Rb7 36. Rxb7 Nxb7 37. Kf2 Nd6 38. Ke3 Kf7 39. Kd4 Ke7
40. Nc3 Kd7 41. b4 Nf7 42. a4 Ne5 43. h3 Nf3+ 44. Kc5 h5 45. Ne2 Ng5 46. Ng3 h4
47. Nh5 Nxe4+ 48. Kd4 Ng5 49. Nxf6+ Ke7 50. Ng4 Nxh3 51. a5 Ng5 52. a6 h3 53.
Nh2 Nf7 54. a7 Nd6 55. a8=Q Nxf5+ 56. Ke5 Nd6 57. Qxc6 Nf7+ 58. Kd5 Nd8 59.
Qc7+ Ke8 60. Qxd8+ Kxd8 61. Kc6 Kc8 62. Kb6 Kb8 63. b5 Ka8 64. Kc7 Ka7 65. b6+
Ka8 66. b7+ Ka7 67. b8=Q+ Ka6 68. Qb6# 1-0

[Event "FIDE World Youth U16 Chess Olympiad SLOVAKIA 2016"]
[Site "Poprad Tatry SLOVAKIA"]
[Date "2016.07.23"]
[Round "2"]
[Board "4"]
[White "Goss, Alex"]
[Black "Van Heerden, Lara"]
[Result "1-0"]
[WhiteElo "1618"]
[BlackElo "1259"]
[PlyCount "97"]
[EventDate "2016.07.22"]
[EventType "team"]
[EventRounds "9"]
[EventCountry "SVK"]
[WhiteTeam "Ireland"]
[BlackTeam "South Africa 3"]

1. d4 d5 2. c4 e6 3. Nc3 h6 4. Nf3 Nc6 5. Bf4 a6 6. e3 Nf6 7. Be2 b6 8. cxd5
exd5 9. O-O Bb7 10. Rc1 Bd6 11. Bxd6 Qxd6 12. a3 O-O 13. b4 b5 14. Nd2 Rfe8 15.
Nb3 Rab8 16. Nc5 Nd7 17. Bf3 Ne7 18. Qb3 c6 19. Ra1 Nb6 20. a4 Nc4 21. Rfd1 Nf5
22. axb5 axb5 23. Ra7 Re7 24. Qb1 Bc8 25. Qa2 Bb7 26. Ra1 g6 27. Bg4 Ng7 28.
Be2 Nb6 29. Na6 Ra8 30. Rxa8+ Nxa8 31. Nc5 Nb6 32. Qb3 Ne6 33. Ra7 Nd8 34. Qa3
Kh7 35. Nb1 h5 36. Nd2 Kh6 37. Ndb3 Nc8 38. Nxb7 Nxb7 39. Ra6 Qc7 40. Nc5 g5
41. Bxb5 Nb6 42. Bd3 Nc8 43. Nxb7 Qxb7 44. b5 Kg7 45. Rxc6 Re8 46. Qa6 Qd7 47.
Rh6 h4 48. Qf6+ Kg8 49. Rh8# 1-0

[Event "FIDE World Youth U16 Chess Olympiad SLOVAKIA 2016"]
[Site "Poprad Tatry SLOVAKIA"]
[Date "2016.07.23"]
[Round "3"]
[Board "1"]
[White "Kilic, Efe Mert"]
[Black "Havasi, Gergo"]
[Result "0-1"]
[WhiteElo "2131"]
[BlackElo "2372"]
[PlyCount "78"]
[EventDate "2016.07.22"]
[EventType "team"]
[EventRounds "9"]
[EventCountry "SVK"]
[WhiteTeam "Turkey"]
[BlackTeam "Hungary 1"]

1. e4 e5 2. f4 exf4 3. Nc3 Qh4+ 4. Ke2 d6 5. Nf3 Qd8 6. h4 Nf6 7. Kf2 Be7 8. d4
Ng4+ 9. Ke2 c6 10. Bxf4 O-O 11. Qe1 b5 12. Kd2 f5 13. Bd3 b4 14. Ne2 fxe4 15.
Bxe4 d5 16. Bd3 c5 17. c3 Nc6 18. Bg5 bxc3+ 19. bxc3 h6 20. Qb1 Rb8 21. Qc2
cxd4 22. Nexd4 Nxd4 23. cxd4 hxg5 24. Rae1 gxh4 25. Kd1 Bf6 26. g3 Nh6 27. Rxh4
Bg4 28. Rxg4 Nxg4 29. Bf5 Nh6 30. Rh1 Qd6 31. Bh7+ Kh8 32. Qg6 Be7 33. Ne5 Qxg6
34. Bxg6 Rb7 35. g4 Kg8 36. Rh5 Rb2 37. Kc1 Ba3 38. Bf7+ Nxf7 39. Ng6 Rh2+ 0-1

[Event "FIDE World Youth U16 Chess Olympiad SLOVAKIA 2016"]
[Site "Poprad Tatry SLOVAKIA"]
[Date "2016.07.23"]
[Round "3"]
[Board "2"]
[White "Kozak, Adam"]
[Black "Dedebas, Emre Emin"]
[Result "1-0"]
[WhiteElo "2364"]
[BlackElo "2108"]
[PlyCount "145"]
[EventDate "2016.07.22"]
[EventType "team"]
[EventRounds "9"]
[EventCountry "SVK"]
[WhiteTeam "Hungary 1"]
[BlackTeam "Turkey"]

1. c4 e5 2. g3 Nc6 3. Bg2 Bc5 4. Nc3 a6 5. Nf3 d6 6. O-O Nge7 7. d3 O-O 8. a3
Ba7 9. b4 Bf5 10. Be3 Bxe3 11. fxe3 Qd7 12. Qd2 Bh3 13. Nh4 Bxg2 14. Nxg2 d5
15. cxd5 Nxd5 16. Rac1 Nxc3 17. Qxc3 Qd6 18. Nh4 g6 19. Nf3 f6 20. Nd2 f5 21.
Nb3 Rf7 22. Nc5 Nd8 23. Qc4 b6 24. Nb3 Ne6 25. Nd2 Ng5 26. Nf3 Nxf3+ 27. Rxf3
a5 28. Qb3 axb4 29. axb4 Kg7 30. Kf2 Raf8 31. Rc4 Rf6 32. Qc3 R8f7 33. Ke1 g5
34. Rf1 h6 35. Kd2 Re7 36. Rc1 Rff7 37. e4 fxe4 38. Rxe4 Qd5 39. h4 Rf6 40.
hxg5 hxg5 41. Qb2 c6 42. Qc3 Kg6 43. Qc4 Ree6 44. Ke3 Rf5 45. Ra1 b5 46. Qc3
Ref6 47. Rc1 Re6 48. Qa1 Qd6 49. Rc5 Qc7 50. Qa8 Rf7 51. Qg8+ Kf6 52. Qh8+ Rg7
53. Qf8+ Qf7 54. Qh8 Qc7 55. Qh6+ Kf7 56. Qh5+ Ke7 57. Qh8 Kf6 58. Kd2 Qa7 59.
Qh6+ Kf7 60. Qh5+ Rgg6 61. Qh7+ Rg7 62. Qf5+ Rf6 63. Qxe5 Qa2+ 64. Rc2 Qa8 65.
Rc5 Qd8 66. Rd4 Qc8 67. Qe3 Rf5 68. Rd8 Qxd8 69. Rxf5+ Kg8 70. Qe6+ Kh7 71. Rf6
Kh8 72. Rh6+ Rh7 73. Rg6 1-0

[Event "FIDE World Youth U16 Chess Olympiad SLOVAKIA 2016"]
[Site "Poprad Tatry SLOVAKIA"]
[Date "2016.07.23"]
[Round "3"]
[Board "3"]
[White "Can, Isik"]
[Black "Marjanovics, Annamaria"]
[Result "1/2-1/2"]
[WhiteElo "2103"]
[BlackElo "2366"]
[PlyCount "114"]
[EventDate "2016.07.22"]
[EventType "team"]
[EventRounds "9"]
[EventCountry "SVK"]
[WhiteTeam "Turkey"]
[BlackTeam "Hungary 1"]

1. e4 e5 2. Nf3 Nc6 3. Bb5 a6 4. Bxc6 dxc6 5. O-O Bg4 6. h3 h5 7. d3 Qf6 8.
Nbd2 Ne7 9. Re1 Ng6 10. d4 Nf4 11. dxe5 Qg6 12. Nh4 Bxd1 13. Nxg6 Nxg6 14. Rxd1
O-O-O 15. Rf1 Nxe5 16. f4 Bc5+ 17. Kh2 Ng6 18. Nb3 Ba7 19. Bd2 f6 20. Rae1 Rhe8
21. Bc3 Rd7 22. e5 fxe5 23. f5 Nf8 24. Bxe5 Nh7 25. Bc3 Red8 26. Re6 Nf8 27.
Re4 Rf7 28. Rh4 g6 29. Rhf4 g5 30. Re4 Ng6 31. f6 Nf4 32. Re5 Rd5 33. Re8+ Rd8
34. Re5 Rd5 35. g3 Rxe5 36. Bxe5 Nd5 37. Rf5 Kd7 38. Rxg5 Nxf6 39. Rf5 Ke6 40.
Rxf6+ Rxf6 41. Bxf6 Kxf6 42. Na5 Bb6 43. Nc4 Bc5 44. g4 hxg4 45. hxg4 b5 46.
Nd2 Bd4 47. c3 Be3 48. Nf3 c5 49. b3 c4 50. bxc4 bxc4 51. Kg2 Bc1 52. Kf2 c5
53. Ke2 Ke6 54. Kd1 Bf4 55. Kc2 Kd5 56. g5 Ke6 57. Nd2 Bxg5 1/2-1/2

[Event "FIDE World Youth U16 Chess Olympiad SLOVAKIA 2016"]
[Site "Poprad Tatry SLOVAKIA"]
[Date "2016.07.23"]
[Round "3"]
[Board "4"]
[White "Czupor, Attila"]
[Black "Akdogan, Alperen"]
[Result "0-1"]
[WhiteElo "2275"]
[BlackElo "2050"]
[PlyCount "86"]
[EventDate "2016.07.22"]
[EventType "team"]
[EventRounds "9"]
[EventCountry "SVK"]
[WhiteTeam "Hungary 1"]
[BlackTeam "Turkey"]

1. e4 Nf6 2. Nc3 d5 3. exd5 Nxd5 4. Bc4 Nb6 5. Bb3 Nc6 6. Nf3 Bf5 7. d3 e6 8.
Be3 Be7 9. h3 Qd7 10. Qd2 h6 11. Na4 Nxa4 12. Bxa4 Bf6 13. O-O-O O-O-O 14. g4
Qd5 15. Bxc6 Qxc6 16. gxf5 Qxf3 17. fxe6 fxe6 18. Qb4 b6 19. d4 Rd6 20. Qa4 Kb8
21. Rhg1 Rhd8 22. Rg3 Bxd4 23. Bxd4 Qf4+ 24. Re3 e5 25. c3 exd4 26. cxd4 Rxd4
27. Rxd4 Rxd4 28. Qe8+ Kb7 29. Qe5 g5 30. Qxf4 Rxf4 31. Re6 Rh4 32. Re3 a5 33.
Kd2 b5 34. b3 a4 35. bxa4 Rxa4 36. a3 Rh4 37. Kc3 Rf4 38. Re6 Rh4 39. Re3 Kb6
40. Kb3 c6 41. Kc2 Rf4 42. Re6 Rxf2+ 43. Kb1 Rf3 0-1

[Event "FIDE World Youth U16 Chess Olympiad SLOVAKIA 2016"]
[Site "Poprad Tatry SLOVAKIA"]
[Date "2016.07.23"]
[Round "3"]
[Board "1"]
[White "Martirosyan, Haik M."]
[Black "Makhnyov, Denis"]
[Result "1-0"]
[WhiteElo "2450"]
[BlackElo "2351"]
[PlyCount "63"]
[EventDate "2016.07.22"]
[EventType "team"]
[EventRounds "9"]
[EventCountry "SVK"]
[WhiteTeam "Armenia"]
[BlackTeam "Kazakhstan"]

1. d4 Nf6 2. c4 e6 3. Nc3 Bb4 4. Qc2 O-O 5. a3 Bxc3+ 6. Qxc3 d6 7. Bg5 h6 8.
Bh4 Nbd7 9. e3 a5 10. Ne2 b6 11. Qc2 Bb7 12. Nc3 Re8 13. f3 e5 14. d5 Nc5 15.
e4 a4 16. Rd1 Bc8 17. Be2 Bd7 18. O-O g5 19. Bf2 Nh7 20. Be3 Nf8 21. g3 Ng6 22.
Kh1 Qf6 23. Rf2 Re7 24. Rg1 Kh8 25. Qc1 Nb3 26. Qf1 Nc5 27. f4 gxf4 28. gxf4
exf4 29. Bxf4 Nxf4 30. Rxf4 Qe5 31. Rf6 Kh7 32. Rxf7+ 1-0

[Event "FIDE World Youth U16 Chess Olympiad SLOVAKIA 2016"]
[Site "Poprad Tatry SLOVAKIA"]
[Date "2016.07.23"]
[Round "3"]
[Board "2"]
[White "Turar, Dastan"]
[Black "Hakobyan, Aram"]
[Result "0-1"]
[WhiteElo "2266"]
[BlackElo "2382"]
[PlyCount "190"]
[EventDate "2016.07.22"]
[EventType "team"]
[EventRounds "9"]
[EventCountry "SVK"]
[WhiteTeam "Kazakhstan"]
[BlackTeam "Armenia"]

1. d4 Nf6 2. c4 e6 3. Nf3 b6 4. g3 Bb7 5. Bg2 Bb4+ 6. Bd2 c5 7. O-O O-O 8. Bxb4
cxb4 9. Nbd2 d6 10. a3 bxa3 11. Rxa3 a5 12. Qb1 Na6 13. e4 e5 14. Re1 Re8 15.
c5 bxc5 16. dxe5 dxe5 17. Nc4 Qc7 18. Nxa5 Nb4 19. Nxb7 Qxb7 20. Rc3 Qb6 21.
Nd2 Rad8 22. Nc4 Qe6 23. Ne3 g6 24. Bf1 Rd4 25. f3 Qb6 26. Nc4 Qc7 27. Na3 Qb6
28. Nc4 Qc7 29. Rec1 Red8 30. Be2 h5 31. Ne3 Rd2 32. Bf1 h4 33. g4 c4 34. Rd1
Qa7 35. Rxd2 Rxd2 36. Qe1 Rxb2 37. Bxc4 Nc2 38. Qf2 Nxe3 39. Qxe3 Qd7 40. Rd3
Qc7 41. Rc3 Kg7 42. Bf1 Qa5 43. Qc5 Qd8 44. Rd3 Qb6 45. Rc3 Nh7 46. Qxb6 Rxb6
47. Rc2 Ng5 48. Kf2 Rf6 49. Be2 Nxe4+ 50. Ke3 Ng5 51. Rc5 Re6 52. Rc7 Kf6 53.
Bc4 Re7 54. Rxe7 Kxe7 55. f4 exf4+ 56. Kxf4 Kf6 57. Bd5 Nh3+ 58. Kf3 Ke5 59.
Bc6 g5 60. Bd7 Kd4 61. Bf5 f6 62. Bh7 Nf4 63. Bf5 Nd5 64. Bh7 Ne7 65. Bb1 Nc6
66. Bf5 Ne5+ 67. Kf2 Nc4 68. Kf3 Kc3 69. Ke2 Ne5 70. Ke3 Kc4 71. Be6+ Kc5 72.
Ke4 Kd6 73. Bf5 Nf7 74. Bg6 Nh6 75. Bh5 Ke6 76. Bg6 Kd6 77. Bh5 Ke7 78. Kd5 Nf7
79. Ke4 Ne5 80. Ke3 Kd6 81. Ke4 Ke6 82. Ke3 Kd5 83. h3 Kd6 84. Be8 Ke7 85. Bb5
Ng6 86. Kf2 Nf4 87. Bf1 Kd6 88. Kg1 Ke5 89. Kh2 Ke4 90. Ba6 Kf3 91. Bb7+ Kf2
92. Be4 Ne2 93. Bd3 Nd4 94. Bc4 Nf3+ 95. Kh1 Kg3 0-1

[Event "FIDE World Youth U16 Chess Olympiad SLOVAKIA 2016"]
[Site "Poprad Tatry SLOVAKIA"]
[Date "2016.07.23"]
[Round "3"]
[Board "3"]
[White "Sargsyan, Shant"]
[Black "Agmanov, Zhandos"]
[Result "1/2-1/2"]
[WhiteElo "2431"]
[BlackElo "2310"]
[PlyCount "94"]
[EventDate "2016.07.22"]
[EventType "team"]
[EventRounds "9"]
[EventCountry "SVK"]
[WhiteTeam "Armenia"]
[BlackTeam "Kazakhstan"]

1. d4 Nf6 2. c4 e6 3. Nf3 d5 4. Nc3 c5 5. e3 Nc6 6. a3 dxc4 7. Bxc4 cxd4 8.
exd4 Be7 9. O-O O-O 10. Re1 a6 11. Bf4 b5 12. Ba2 Bb7 13. Qd3 Rc8 14. Rad1 b4
15. Na4 bxa3 16. bxa3 Na7 17. Bb1 Nb5 18. Be5 g6 19. Nc5 Bd5 20. a4 Nd6 21. Ng5
Nc4 22. Qh3 Nxe5 23. Rxe5 Bxg2 24. Kxg2 Rxc5 25. Nxe6 fxe6 26. Qxe6+ Kh8 27.
Qxe7 Qxe7 28. Rxe7 Rg5+ 29. Kf1 Ng4 30. h4 Nxf2 31. hxg5 Nxd1+ 32. Ke1 Nc3 33.
Bc2 Rd8 34. Bb3 Rb8 35. Bc4 Nxa4 36. Bxa6 Rd8 37. Bc4 Nb6 38. Bb3 Nd5 39. Re5
Nb4 40. Re4 Nd3+ 41. Kf1 Rf8+ 42. Kg2 h6 43. gxh6 Kh7 44. Kg3 Kxh6 45. Bc4 Nb2
46. Be2 Na4 47. Re6 Rd8 1/2-1/2

[Event "FIDE World Youth U16 Chess Olympiad SLOVAKIA 2016"]
[Site "Poprad Tatry SLOVAKIA"]
[Date "2016.07.23"]
[Round "3"]
[Board "4"]
[White "Suleymenov, Alisher"]
[Black "Mirzoyan, David"]
[Result "0-1"]
[WhiteElo "2259"]
[BlackElo "2297"]
[PlyCount "144"]
[EventDate "2016.07.22"]
[EventType "team"]
[EventRounds "9"]
[EventCountry "SVK"]
[WhiteTeam "Kazakhstan"]
[BlackTeam "Armenia"]

1. d4 Nf6 2. c4 e6 3. Nc3 Bb4 4. Nf3 b6 5. e3 Bb7 6. Bd3 Ne4 7. Qc2 f5 8. O-O
Bxc3 9. bxc3 O-O 10. c5 bxc5 11. Rb1 Bc6 12. Ba3 Re8 13. Ne5 cxd4 14. Nxc6 Nxc6
15. cxd4 Nf6 16. Rfc1 a6 17. Bc4 Ne7 18. Qa4 Ned5 19. Qa5 c6 20. Qxd8 Rexd8 21.
Rb7 Rdb8 22. Rcb1 Rxb7 23. Rxb7 Kf7 24. Bd6 Ke8 25. h4 g6 26. Bd3 Ng8 27. Kf1
Nh6 28. Ke2 Nf7 29. Bh2 Nd8 30. Rb3 Ke7 31. f3 d6 32. e4 Nc7 33. Ke3 Kd7 34. g4
fxg4 35. fxg4 a5 36. h5 a4 37. Rb2 Nf7 38. Rf2 Ke7 39. Bg3 g5 40. e5 dxe5 41.
dxe5 h6 42. Bg6 Nd8 43. Be4 Nd5+ 44. Kd4 a3 45. Bf3 Ra4+ 46. Kd3 Nb7 47. Rd2
Nc5+ 48. Ke2 Rb4 49. Bf2 Nd7 50. Bg3 Rb2 51. Ke1 Nc5 52. Bf2 Rb1+ 53. Rd1 Rxd1+
54. Kxd1 Nd3 55. Bd4 c5 56. Ba1 N5b4 57. Kd2 Nb2 58. Be2 Nxa2 59. Kc2 Nb4+ 60.
Kb3 N2d3 61. Kxa3 Nc2+ 62. Ka4 Nf4 63. Bd1 Nxa1 64. Ka3 Nd3 65. Ka2 Nf2 66. Ba4
Nxg4 67. Kxa1 Nxe5 68. Bd1 g4 69. Be2 g3 70. Bf1 Ng4 71. Bg2 Ne3 72. Bf3 g2 0-1

[Event "FIDE World Youth U16 Chess Olympiad SLOVAKIA 2016"]
[Site "Poprad Tatry SLOVAKIA"]
[Date "2016.07.23"]
[Round "3"]
[Board "1"]
[White "Tsolakidou, Stavroula"]
[Black "Golubov, Saveliy"]
[Result "0-1"]
[WhiteElo "2364"]
[BlackElo "2497"]
[PlyCount "78"]
[EventDate "2016.07.22"]
[EventType "team"]
[EventRounds "9"]
[EventCountry "SVK"]
[WhiteTeam "Greece"]
[BlackTeam "Russia"]

1. d4 Nf6 2. c4 g6 3. Nc3 Bg7 4. e4 d6 5. f3 O-O 6. Be3 c5 7. Nge2 Nc6 8. d5
Ne5 9. Ng3 h5 10. Be2 h4 11. Nf1 e6 12. Nd2 exd5 13. cxd5 a6 14. O-O h3 15. g4
b5 16. g5 Nh7 17. f4 Nd7 18. Bg4 Nb6 19. Qf3 b4 20. Nd1 c4 21. Rc1 Bxg4 22.
Qxg4 Rc8 23. f5 c3 24. f6 cxd2 25. Rxc8 Qxc8 26. Qxc8 Rxc8 27. fxg7 Nc4 28. Bf4
Kxg7 29. b3 Ne5 30. Bxd2 Rc2 31. Bf4 Nxg5 32. Bxg5 Rg2+ 33. Kh1 Rxg5 34. Ne3
Nd3 35. Rf3 Re5 36. Nc2 Rxe4 37. Rxd3 Re2 38. Rxh3 Rxc2 39. Rh4 a5 0-1

[Event "FIDE World Youth U16 Chess Olympiad SLOVAKIA 2016"]
[Site "Poprad Tatry SLOVAKIA"]
[Date "2016.07.23"]
[Round "3"]
[Board "2"]
[White "Esipenko, Andrey"]
[Black "Giannoulakis, Lampros"]
[Result "1/2-1/2"]
[WhiteElo "2477"]
[BlackElo "2214"]
[PlyCount "66"]
[EventDate "2016.07.22"]
[EventType "team"]
[EventRounds "9"]
[EventCountry "SVK"]
[WhiteTeam "Russia"]
[BlackTeam "Greece"]

1. Nf3 Nf6 2. g3 g6 3. Bg2 Bg7 4. O-O O-O 5. d4 d6 6. Nc3 Nbd7 7. e4 e5 8. dxe5
dxe5 9. Qe2 c6 10. Rd1 Qc7 11. a4 a5 12. b3 Re8 13. Ba3 Bf8 14. Bxf8 Nxf8 15.
h3 Ne6 16. Qe3 b6 17. Rd2 Ba6 18. Rad1 Kg7 19. Bf1 Bxf1 20. Kxf1 Rad8 21. Rxd8
Rxd8 22. Rxd8 Nxd8 23. Nb1 Ne6 24. Nbd2 Nd7 25. Qd3 Nec5 26. Qc4 Qb7 27. Qc3 f6
28. Kg2 Qa6 29. Nc4 Qb7 30. Nd6 Qb8 31. Qd2 Kf8 32. Nc4 Qc7 33. Qe1 Kf7 1/2-1/2